00381nam a2200157Ia 45000010006000000050017000060080041000230410008000640820015000721000032000872450051001192600009001703000028001796500008002076540008002151337920260306164757.0260306t2007||||xx |||||||||||||| ||spa|| aESP a003.3bF11 aFábregas Ariza, AldoeAUT 0aSimulación de sistemas productivos con Arena c2007 a206 páginas :c30 cm. aGEN aCCC